<?xml version="1.0" encoding="UTF-8"?><?xml-stylesheet type="text/xsl" href="static/style.xsl"?><OAI-PMH xmlns="http://www.openarchives.org/OAI/2.0/" xmlns:xsi="http://www.w3.org/2001/XMLSchema-instance" xsi:schemaLocation="http://www.openarchives.org/OAI/2.0/ http://www.openarchives.org/OAI/2.0/OAI-PMH.xsd"><responseDate>2026-06-01T12:18:20Z</responseDate><request verb="GetRecord" identifier="oai:riuma.uma.es:10630/34591" metadataPrefix="marc">https://riuma.uma.es/rest/oai/request</request><GetRecord><record><header><identifier>oai:riuma.uma.es:10630/34591</identifier><datestamp>2026-02-03T11:30:50Z</datestamp><setSpec>com_10630_2254</setSpec><setSpec>col_10630_37953</setSpec></header><metadata><record xmlns="http://www.loc.gov/MARC21/slim" xmlns:dcterms="http://purl.org/dc/terms/" xmlns:doc="http://www.lyncode.com/xoai" xmlns:xsi="http://www.w3.org/2001/XMLSchema-instance" xsi:schemaLocation="http://www.loc.gov/MARC21/slim http://www.loc.gov/standards/marcxml/schema/MARC21slim.xsd">
   <leader>00925njm 22002777a 4500</leader>
   <datafield ind2=" " ind1=" " tag="042">
      <subfield code="a">dc</subfield>
   </datafield>
   <datafield ind2=" " ind1=" " tag="720">
      <subfield code="a">González Martínez, Marta</subfield>
      <subfield code="e">author</subfield>
   </datafield>
   <datafield ind2=" " ind1=" " tag="720">
      <subfield code="a">Ortiz Camacho, María del Mar</subfield>
      <subfield code="e">author</subfield>
   </datafield>
   <datafield ind2=" " ind1=" " tag="720">
      <subfield code="a">Díaz-Olaya, Ana María</subfield>
      <subfield code="e">author</subfield>
   </datafield>
   <datafield ind2=" " ind1=" " tag="260">
      <subfield code="c">2022-07-31</subfield>
   </datafield>
   <datafield ind2=" " ind1=" " tag="520">
      <subfield code="a">Esta investigación se centra en el significado de la fotografía de danza para cartelería y publicidad del Ballet Nacional de España (BNE) realizada por el fotógrafo Manu Toro. Este proceso artístico aúna varias artes plásticas y escénicas en sí mismo y da información relevante tanto al público general como a los estudiantes, docentes y profesionales de la danza sobre el hecho escénico que representa. En  este  estudio,  las  fotografías  de  Manu  Toro  representan  un  nuevo  discurso  visual donde el significado de la fotografía es un breve resumen del programa o coreografía que representa, desarrollando un manual de estilo reconocible como una nueva imagen identificativa.  Para  realizar  este  trabajo  se  expone  una  propuesta  metodológica  que pretende analizar la fotografía desde el punto de vista de la danza, complementando el análisis de los personajes-bailarines y su significado narrativo en la escena mediante instrumentos basados en imágenes propias de la Investigación Educativa Basada en las Artes Visuales</subfield>
   </datafield>
   <datafield ind1="8" ind2=" " tag="024">
      <subfield code="a">González Martínez, Marta; Ortiz Camacho, María del Mar y Diaz Olaya, Ana María (2022). «La fotografía de danza significante. Una nueva imagen en la cartelería del Ballet Nacional de España», Tercio Creciente, 22, (pp. 97-112), https://dx.doi.org/10.17561/rtc.22.7194</subfield>
   </datafield>
   <datafield ind1="8" ind2=" " tag="024">
      <subfield code="a">https://hdl.handle.net/10630/34591</subfield>
   </datafield>
   <datafield ind1="8" ind2=" " tag="024">
      <subfield code="a">10.17561/rtc.22.7194</subfield>
   </datafield>
   <datafield tag="653" ind2=" " ind1=" ">
      <subfield code="a">Danza - Fotografías</subfield>
   </datafield>
   <datafield tag="653" ind2=" " ind1=" ">
      <subfield code="a">Carteles</subfield>
   </datafield>
   <datafield ind2="0" ind1="0" tag="245">
      <subfield code="a">La fotografía de danza significante. Una  nueva  imagen  en  la  cartelería  del Ballet Nacional de España.</subfield>
   </datafield>
</record>
</metadata></record></GetRecord></OAI-PMH>